[Event "DVM U10 2023"]
[Site "Magdeburg GER"]
[Date "2023.12.29"]
[Round "6"]
[White "Meurer, Knut"]
[Black "Goebel, Johannes"]
[Result "0-1"]
[Termination "normal"]
[Board "12.2"]
[WhiteElo "1056"]
[BlackElo "1043"]
[WhiteClock "00:23:47"]
[BlackClock "00:13:23"]
[WhiteTeam "SV Roter Turm Halle"]
[BlackTeam "SK Marburg 1931/72"]
[PlyCount "112"]
[WhiteFideId "34623604"]
[EventCountry "GER"]
[EventRounds "7"]
[EventType "team-swiss"]
[EventDate "2023.12.27"]

1. d4 {[%clk 00:55:09]} Nf6 {[%clk 00:54:50]} {[%emt 00:00:20]} 2. Bg5 {[%clk
00:55:05]} {[%emt 00:00:09]} Nc6 {[%clk 00:54:22]} {[%emt 00:00:33]} 3. Nc3
{[%clk 00:54:55]} {[%emt 00:00:16]} d5 {[%clk 00:53:44]} {[%emt 00:00:43]} 4.
Nf3 {[%clk 00:54:54]} {[%emt 00:00:06]} Bg4 {[%clk 00:53:28]} {[%emt 00:00:20]}
5. e3 {[%clk 00:54:51]} {[%emt 00:00:09]} e6 {[%clk 00:53:09]} {[%emt
00:00:24]} 6. Bd3 {[%clk 00:54:43]} {[%emt 00:00:13]} Bb4 {[%clk 00:52:29]}
{[%emt 00:00:45]} 7. O-O {[%clk 00:54:21]} {[%emt 00:00:26]} h6 {[%clk
00:52:19]} {[%emt 00:00:15]} 8. Bh4 {[%clk 00:54:12]} {[%emt 00:00:15]} Qe7
{[%clk 00:51:20]} {[%emt 00:01:03]} 9. a3 {[%clk 00:53:59]} {[%emt 00:00:19]}
Bxc3 {[%clk 00:51:12]} {[%emt 00:00:12]} 10. bxc3 {[%clk 00:53:56]} {[%emt
00:00:08]} O-O-O {[%clk 00:50:54]} {[%emt 00:00:24]} 11. c4 {[%clk 00:53:27]}
{[%emt 00:00:34]} g5 {[%clk 00:50:01]} {[%emt 00:00:58]} 12. Bg3 {[%clk
00:53:20]} {[%emt 00:00:12]} Ne4 {[%clk 00:48:31]} {[%emt 00:01:34]} 13. Be5
{[%clk 00:52:17]} {[%emt 00:01:08]} Nxe5 {[%clk 00:47:53]} {[%emt 00:00:44]}
14. dxe5 {[%clk 00:51:55]} {[%emt 00:00:26]} Bxf3 {[%emt 00:00:37]} 15. Qe1
{[%clk 00:51:04]} {[%emt 00:00:54]} Bg4 {[%clk 00:45:58]} {[%emt 00:01:31]} 16.
cxd5 {[%clk 00:50:45]} {[%emt 00:00:24]} exd5 {[%clk 00:45:37]} {[%emt
00:00:25]} 17. f3 {[%clk 00:50:38]} {[%emt 00:00:12]} Bxf3 {[%clk 00:44:57]}
{[%emt 00:00:45]} 18. Rxf3 {[%clk 00:50:28]} {[%emt 00:00:16]} Rdf8 {[%clk
00:43:00]} {[%emt 00:02:02]} 19. Qa5 {[%clk 00:48:39]} {[%emt 00:01:55]} Qxe5
{[%clk 00:41:38]} {[%emt 00:01:25]} 20. Rff1 {[%clk 00:48:08]} {[%emt
00:00:36]} Nd6 {[%clk 00:40:15]} {[%emt 00:01:28]} 21. Qxa7 {[%clk 00:47:01]}
{[%emt 00:01:13]} Kd7 {[%clk 00:39:28]} {[%emt 00:00:52]} 22. Qa4+ {[%emt
00:01:20]} c6 {[%emt 00:00:39]} 23. Rae1 {[%clk 00:44:07]} {[%emt 00:01:00]} h5
{[%clk 00:35:04]} {[%emt 00:04:28]} 24. e4 {[%clk 00:43:57]} {[%emt 00:00:15]}
d4 {[%clk 00:34:07]} {[%emt 00:01:03]} 25. Rd1 {[%clk 00:41:41]} {[%emt
00:02:21]} Qc5 {[%clk 00:30:18]} {[%emt 00:03:52]} 26. Be2 {[%clk 00:39:48]}
{[%emt 00:01:59]} d3+ {[%clk 00:29:51]} {[%emt 00:00:33]} 27. Rf2 {[%clk
00:38:16]} {[%emt 00:01:36]} dxe2 {[%clk 00:29:33]} {[%emt 00:00:24]} 28. Re1
{[%clk 00:37:57]} {[%emt 00:00:24]} Qc4 {[%clk 00:26:56]} {[%emt 00:02:42]} 29.
Qa7 {[%clk 00:37:05]} {[%emt 00:00:57]} Qxe4 {[%clk 00:25:32]} {[%emt
00:01:28]} 30. Rexe2 {[%clk 00:36:48]} {[%emt 00:00:22]} Qd5 {[%clk 00:24:29]}
{[%emt 00:01:06]} 31. Rd2 {[%clk 00:36:17]} {[%emt 00:00:39]} Qb5 {[%clk
00:23:09]} {[%emt 00:01:22]} 32. a4 {[%clk 00:35:13]} {[%emt 00:01:12]} Qb4
{[%clk 00:21:52]} {[%emt 00:01:22]} 33. Qe3 {[%clk 00:34:19]} {[%emt 00:00:58]}
g4 {[%clk 00:20:48]} {[%emt 00:01:09]} 34. Qe5 {[%clk 00:32:53]} {[%emt
00:01:31]} Qa3 {[%clk 00:18:45]} {[%emt 00:02:09]} 35. Qf5+ {[%clk 00:32:04]}
{[%emt 00:00:51]} Kc7 {[%clk 00:18:13]} {[%emt 00:00:40]} 36. Qa5+ {[%clk
00:31:50]} {[%emt 00:00:18]} b6 {[%clk 00:17:24]} {[%emt 00:00:56]} 37. Qg5
{[%clk 00:31:14]} {[%emt 00:00:40]} Nc8 {[%clk 00:16:38]} {[%emt 00:00:51]} 38.
Rf1 {[%clk 00:30:15]} {[%emt 00:01:04]} Qc5+ {[%clk 00:16:13]} {[%emt
00:00:28]} 39. Qxc5 {[%clk 00:29:57]} {[%emt 00:00:24]} bxc5 {[%clk 00:16:10]}
{[%emt 00:00:08]} 40. Rf5 {[%clk 00:29:43]} {[%emt 00:00:19]} Kb6 {[%clk
00:15:37]} {[%emt 00:00:39]} 41. a5+ {[%clk 00:29:23]} {[%emt 00:00:25]} Kxa5
{[%clk 00:15:28]} {[%emt 00:00:13]} 42. Rxc5+ {[%clk 00:29:20]} {[%emt
00:00:09]} Kb6 {[%clk 00:15:23]} {[%emt 00:00:10]} 43. Rc3 {[%clk 00:29:07]}
{[%emt 00:00:18]} f5 {[%clk 00:15:09]} {[%emt 00:00:18]} 44. Rb3+ {[%clk
00:28:21]} {[%emt 00:00:52]} Kc7 {[%clk 00:15:04]} {[%emt 00:00:10]} 45. Rbd3
{[%clk 00:27:20]} {[%emt 00:01:06]} Rd8 {[%clk 00:14:51]} {[%emt 00:00:19]} 46.
Rf2 {[%clk 00:26:19]} {[%emt 00:01:06]} Rxd3 {[%clk 00:14:41]} {[%emt
00:00:13]} 47. cxd3 {[%clk 00:26:13]} {[%emt 00:00:11]} Nd6 {[%clk 00:14:33]}
{[%emt 00:00:13]} 48. g3 {[%clk 00:26:09]} {[%emt 00:00:10]} Kd7 {[%clk
00:14:10]} {[%emt 00:00:27]} 49. d4 {[%clk 00:25:55]} {[%emt 00:00:19]} Ke6
{[%clk 00:14:05]} {[%emt 00:00:10]} 50. Rd2 {[%clk 00:24:41]} {[%emt 00:01:19]}
Kf6 {[%clk 00:13:57]} {[%emt 00:00:14]} 51. Kf2 {[%clk 00:24:29]} {[%emt
00:00:16]} Kg5 {[%clk 00:13:47]} {[%emt 00:00:15]} 52. Ke3 {[%clk 00:24:15]}
{[%emt 00:00:19]} Re8+ {[%clk 00:13:34]} {[%emt 00:00:19]} 53. Kf2 {[%clk
00:24:03]} {[%emt 00:00:17]} Ne4+ {[%clk 00:13:29]} {[%emt 00:00:10]} 54. Ke3
{[%clk 00:23:53]} {[%emt 00:00:15]} Nxd2+ {[%clk 00:13:28]} {[%emt 00:00:06]}
55. Kxd2 {[%clk 00:23:46]} {[%emt 00:00:12]} h4 {[%clk 00:13:23]} {[%emt
00:00:10]} 56. gxh4+ {[%clk 00:23:47]} {[%emt 00:00:04]} Kxh4 {[%clk 00:13:23]}
{[%emt 00:00:04]} 0-1

[Event "DVM U10 2023"]
[Site "Magdeburg GER"]
[Date "2023.12.29"]
[Round "6"]
[White "Kjulbassanoff, Kilian"]
[Black "Geschke, Jonathan"]
[Result "0-1"]
[Termination "normal"]
[Board "13.1"]
[WhiteElo "1224"]
[BlackElo "1424"]
[WhiteClock "00:15:00"]
[BlackClock "00:37:09"]
[WhiteTeam "SV Dresden-Striesen 1990"]
[BlackTeam "SG Porz"]
[PlyCount "94"]
[BlackFideId "34636129"]
[EventCountry "GER"]
[EventRounds "7"]
[EventType "team-swiss"]
[EventDate "2023.12.27"]

1. d4 {[%clk 00:55:08]} {[%emt 00:00:01]} c5 {[%clk 00:55:04]} {[%emt
00:00:06]} 2. e3 {[%clk 00:54:41]} {[%emt 00:00:32]} e6 {[%clk 00:54:23]}
{[%emt 00:00:47]} 3. c4 {[%clk 00:54:18]} {[%emt 00:00:28]} Nf6 {[%clk
00:54:11]} {[%emt 00:00:17]} 4. Nc3 {[%clk 00:53:59]} {[%emt 00:00:24]} Nc6
{[%clk 00:53:43]} {[%emt 00:00:32]} 5. Nf3 {[%clk 00:53:48]} {[%emt 00:00:16]}
Be7 {[%clk 00:53:13]} {[%emt 00:00:36]} 6. Be2 {[%clk 00:53:01]} {[%emt
00:00:52]} O-O {[%clk 00:53:03]} {[%emt 00:00:14]} 7. O-O {[%clk 00:49:59]}
{[%emt 00:00:10]} cxd4 {[%clk 00:52:45]} {[%emt 00:03:20]} 8. exd4 {[%clk
00:49:43]} {[%emt 00:00:21]} d5 {[%clk 00:52:41]} {[%emt 00:00:09]} 9. cxd5
{[%clk 00:49:37]} {[%emt 00:00:11]} Nxd5 {[%clk 00:52:30]} {[%emt 00:00:16]}
10. Nxd5 {[%clk 00:49:13]} {[%emt 00:00:29]} Qxd5 {[%clk 00:52:09]} {[%emt
00:00:26]} 11. Qb3 {[%clk 00:48:05]} {[%emt 00:01:13]} Nxd4 {[%clk 00:51:09]}
{[%emt 00:01:05]} 12. Qxd5 {[%clk 00:47:55]} {[%emt 00:00:15]} Nxe2+ {[%clk
00:51:03]} {[%emt 00:00:11]} 13. Kh1 {[%clk 00:47:41]} {[%emt 00:00:19]} exd5
{[%clk 00:50:48]} {[%emt 00:00:20]} 14. Bd2 {[%clk 00:47:03]} {[%emt 00:00:44]}
Bf6 {[%clk 00:49:49]} {[%emt 00:01:04]} 15. Rae1 {[%clk 00:46:25]} {[%emt
00:00:43]} Nd4 {[%clk 00:49:40]} {[%emt 00:00:13]} 16. Nxd4 {[%clk 00:45:44]}
{[%emt 00:00:46]} Bxd4 {[%clk 00:49:29]} {[%emt 00:00:16]} 17. Bb4 {[%clk
00:45:05]} {[%emt 00:00:44]} Rd8 {[%clk 00:48:32]} {[%emt 00:01:03]} 18. Re2
{[%clk 00:43:49]} {[%emt 00:01:21]} Be6 {[%clk 00:48:03]} {[%emt 00:00:34]} 19.
Rd1 {[%clk 00:41:57]} {[%emt 00:01:54]} Bf6 {[%clk 00:47:30]} {[%emt 00:00:41]}
20. Bc3 {[%clk 00:39:52]} {[%emt 00:02:10]} Bxc3 {[%clk 00:46:59]} {[%emt
00:00:35]} 21. bxc3 {[%clk 00:39:54]} {[%emt 00:00:02]} Rac8 {[%clk 00:46:49]}
{[%emt 00:00:13]} 22. Rc1 {[%clk 00:37:12]} {[%emt 00:02:58]} Rd7 {[%clk
00:46:48]} {[%emt 00:00:08]} 23. f4 {[%clk 00:36:52]} {[%emt 00:00:26]} Rdc7
{[%clk 00:45:57]} {[%emt 00:00:56]} 24. Rce1 {[%clk 00:36:26]} {[%emt
00:00:31]} g6 {[%clk 00:45:15]} {[%emt 00:00:47]} 25. h3 {[%clk 00:33:57]}
{[%emt 00:02:33]} h5 {[%clk 00:45:08]} {[%emt 00:00:12]} 26. Rb2 {[%clk
00:33:05]} {[%emt 00:00:57]} b6 {[%clk 00:44:32]} {[%emt 00:00:41]} 27. Kg1
{[%clk 00:29:43]} {[%emt 00:03:28]} Rxc3 {[%clk 00:43:57]} {[%emt 00:00:40]}
28. Kf2 {[%clk 00:28:42]} {[%emt 00:01:05]} Rc2+ {[%clk 00:43:40]} {[%emt
00:00:22]} 29. Re2 {[%clk 00:28:38]} {[%emt 00:00:09]} Bf5 {[%emt 00:02:29]}
30. Rbxc2 {[%clk 00:27:43]} Rxc2 {[%clk 00:42:01]} {[%emt 00:00:21]} 31. Rxc2
{[%clk 00:27:31]} {[%emt 00:00:17]} Bxc2 {[%clk 00:41:57]} {[%emt 00:00:09]}
32. g4 {[%clk 00:27:28]} {[%emt 00:00:08]} hxg4 {[%clk 00:41:45]} {[%emt
00:00:17]} 33. hxg4 {[%clk 00:27:22]} {[%emt 00:00:11]} d4 {[%clk 00:41:43]}
{[%emt 00:00:07]} 34. Ke2 {[%clk 00:26:47]} {[%emt 00:00:39]} d3+ {[%clk
00:41:38]} {[%emt 00:00:11]} 35. Kd2 {[%clk 00:26:50]} {[%emt 00:00:01]} Kg7
{[%clk 00:41:22]} {[%emt 00:00:22]} 36. Kc3 {[%clk 00:26:43]} {[%emt 00:00:12]}
f5 {[%clk 00:41:09]} {[%emt 00:00:18]} 37. g5 {[%clk 00:26:27]} {[%emt
00:00:21]} Kf7 {[%clk 00:41:04]} {[%emt 00:00:10]} 38. Kd2 {[%clk 00:26:19]}
{[%emt 00:00:13]} Ke6 {[%clk 00:41:02]} {[%emt 00:00:07]} 39. Ke3 {[%clk
00:26:11]} {[%emt 00:00:09]} Kd5 {[%clk 00:41:05]} {[%emt 00:00:05]} 40. a4
{[%clk 00:25:38]} {[%emt 00:00:38]} a5 {[%clk 00:40:59]} {[%emt 00:00:12]} 41.
Kd2 {[%clk 00:24:54]} {[%emt 00:00:49]} Ke4 {[%clk 00:40:49]} {[%emt 00:00:15]}
42. Ke1 {[%clk 00:21:19]} {[%emt 00:03:40]} Ke3 {[%clk 00:40:37]} {[%emt
00:00:17]} 43. Kf1 {[%clk 00:21:10]} {[%emt 00:00:14]} d2 {[%clk 00:40:22]}
{[%emt 00:00:19]} 44. Kg1 {[%clk 00:20:45]} {[%emt 00:00:31]} d1=Q+ {[%clk
00:39:02]} {[%emt 00:01:26]} 45. Kg2 {[%clk 00:20:38]} {[%emt 00:00:10]} Be4+
{[%emt 00:04:42]} 46. Kg3 {[%clk 00:15:55]} {[%emt 00:01:30]} Qf3 {[%emt
00:01:25]} 47. Kh2 {[%clk 00:15:00]} {[%emt 00:00:02]} Qg2+ {[%clk 00:37:09]}
{[%emt 00:00:17]} 0-1

[Event "DVM U10 2023"]
[Site "Magdeburg GER"]
[Date "2023.12.29"]
[Round "6"]
[White "Bienbeck, Matthis"]
[Black "Xu, Yan"]
[Result "1-0"]
[Termination "normal"]
[Board "13.2"]
[WhiteElo "1279"]
[BlackElo "1171"]
[WhiteClock "00:17:01"]
[BlackClock "00:25:25"]
[WhiteTeam "SG Porz"]
[BlackTeam "SV Dresden-Striesen 1990"]
[PlyCount "77"]
[BlackFideId "34693424"]
[EventCountry "GER"]
[EventRounds "7"]
[EventType "team-swiss"]
[EventDate "2023.12.27"]

1. e4 {[%clk 00:55:02]} {[%emt 00:00:07]} e5 {[%clk 00:55:07]} {[%emt
00:00:04]} 2. Nf3 {[%clk 00:54:40]} {[%emt 00:00:27]} Nc6 {[%emt 00:00:13]} 3.
Bb5 {[%clk 00:54:13]} {[%emt 00:00:24]} Bc5 {[%clk 00:55:03]} {[%emt 00:00:07]}
4. c3 {[%clk 00:54:04]} {[%emt 00:00:15]} a6 {[%clk 00:54:23]} {[%emt
00:00:47]} 5. Ba4 {[%clk 00:53:43]} {[%emt 00:00:25]} b5 {[%clk 00:53:56]}
{[%emt 00:00:32]} 6. Bc2 {[%clk 00:53:25]} {[%emt 00:00:22]} d5 {[%clk
00:53:40]} {[%emt 00:00:21]} 7. h3 {[%clk 00:52:46]} {[%emt 00:00:45]} Nf6
{[%clk 00:53:28]} {[%emt 00:00:17]} 8. d4 {[%clk 00:51:41]} {[%emt 00:01:10]}
Bd6 {[%clk 00:51:53]} {[%emt 00:01:39]} 9. dxe5 {[%clk 00:49:35]} {[%emt
00:02:12]} Bxe5 {[%clk 00:51:38]} {[%emt 00:00:20]} 10. Nxe5 {[%clk 00:47:19]}
{[%emt 00:02:21]} Nxe5 {[%clk 00:51:32]} {[%emt 00:00:11]} 11. Bg5 {[%clk
00:46:21]} {[%emt 00:01:02]} c6 {[%clk 00:49:49]} {[%emt 00:01:49]} 12. exd5
{[%clk 00:45:01]} {[%emt 00:01:25]} Qxd5 {[%clk 00:49:20]} {[%emt 00:00:34]}
13. Bxf6 {[%clk 00:44:07]} {[%emt 00:00:59]} gxf6 {[%clk 00:47:37]} {[%emt
00:01:49]} 14. Qxd5 {[%clk 00:43:50]} {[%emt 00:00:21]} cxd5 {[%clk 00:47:32]}
{[%emt 00:00:10]} 15. Nd2 {[%clk 00:42:37]} {[%emt 00:01:17]} Bb7 {[%clk
00:46:09]} {[%emt 00:01:28]} 16. O-O-O {[%clk 00:41:32]} {[%emt 00:01:12]} Bc6
{[%clk 00:44:45]} {[%emt 00:01:27]} 17. Rhe1 {[%clk 00:40:13]} {[%emt
00:01:25]} O-O-O {[%clk 00:43:38]} {[%emt 00:01:12]} 18. Nb3 {[%clk 00:39:40]}
{[%emt 00:00:37]} Nc4 {[%clk 00:42:10]} {[%emt 00:01:28]} 19. Bf5+ {[%clk
00:39:02]} {[%emt 00:00:49]} Kb8 {[%clk 00:41:44]} {[%emt 00:00:28]} 20. Nc5
{[%clk 00:37:07]} {[%emt 00:02:02]} Bb7 {[%clk 00:40:02]} {[%emt 00:01:31]} 21.
Nxb7 {[%clk 00:35:58]} {[%emt 00:01:31]} Kxb7 {[%clk 00:39:42]} {[%emt
00:00:24]} 22. Re7+ {[%clk 00:35:48]} {[%emt 00:00:15]} Kb8 {[%clk 00:39:09]}
{[%emt 00:00:38]} 23. Rxf7 {[%clk 00:35:31]} {[%emt 00:00:23]} Rd6 {[%clk
00:38:34]} {[%emt 00:00:38]} 24. Rxh7 {[%clk 00:35:07]} {[%emt 00:00:31]} Re8
{[%clk 00:37:40]} {[%emt 00:00:52]} 25. b3 {[%clk 00:33:52]} {[%emt 00:01:26]}
Nb6 {[%clk 00:36:42]} {[%emt 00:01:01]} 26. Bg4 {[%clk 00:31:26]} {[%emt
00:02:34]} Red8 {[%clk 00:35:43]} {[%emt 00:01:03]} 27. Bf3 {[%clk 00:30:45]}
{[%emt 00:00:46]} Rc8 {[%clk 00:34:12]} {[%emt 00:01:33]} 28. Kb2 {[%clk
00:30:30]} {[%emt 00:00:24]} a5 {[%clk 00:32:59]} {[%emt 00:01:19]} 29. Rh5
{[%clk 00:29:35]} {[%emt 00:00:59]} Rcd8 {[%clk 00:31:54]} {[%emt 00:01:02]}
30. Rd4 {[%clk 00:26:59]} {[%emt 00:02:48]} Kc7 {[%clk 00:30:16]} {[%emt
00:01:42]} 31. Rh7+ {[%clk 00:26:01]} {[%emt 00:01:04]} Kc6 {[%clk 00:29:44]}
{[%emt 00:00:37]} 32. Ra7 {[%clk 00:24:35]} {[%emt 00:01:30]} a4 {[%clk
00:29:13]} {[%emt 00:00:37]} 33. Rh4 {[%clk 00:22:15]} {[%emt 00:02:25]} Rc8
{[%clk 00:28:22]} {[%emt 00:00:56]} 34. c4 {[%clk 00:21:40]} {[%emt 00:00:41]}
Kc5 {[%clk 00:27:31]} {[%emt 00:00:55]} 35. cxb5 {[%clk 00:20:11]} {[%emt
00:01:35]} axb3 {[%clk 00:26:56]} {[%emt 00:00:40]} 36. axb3 {[%clk 00:19:12]}
{[%emt 00:01:04]} Kxb5 {[%clk 00:26:44]} {[%emt 00:00:16]} 37. Rf7 {[%clk
00:17:14]} {[%emt 00:02:03]} Rdc6 {[%clk 00:26:11]} {[%emt 00:00:39]} 38. Be2+
{[%clk 00:17:05]} {[%emt 00:00:15]} Ka5 {[%clk 00:25:25]} {[%emt 00:00:43]} 39.
Ra7# {[%clk 00:17:01]} {[%emt 00:00:16]} 1-0

[Event "DVM U10 2023"]
[Site "Magdeburg GER"]
[Date "2023.12.29"]
[Round "6"]
[White "Cetinalp, Poyraz"]
[Black "Trunz, Daniel"]
[Result "1-0"]
[Termination "normal"]
[Board "13.3"]
[WhiteElo "1171"]
[BlackElo "1098"]
[WhiteClock "00:31:05"]
[BlackClock "00:08:28"]
[WhiteTeam "SV Dresden-Striesen 1990"]
[BlackTeam "SG Porz"]
[PlyCount "55"]
[WhiteFideId "34671340"]
[BlackFideId "34640797"]
[EventCountry "GER"]
[EventRounds "7"]
[EventType "team-swiss"]
[EventDate "2023.12.27"]

1. e4 {[%emt 00:00:04]} e5 {[%clk 00:55:06]} 2. Nf3 {[%clk 00:55:09]} {[%emt
00:00:06]} Nc6 {[%clk 00:55:08]} {[%emt 00:00:03]} 3. Bb5 {[%clk 00:55:09]}
{[%emt 00:00:04]} Nf6 {[%clk 00:53:14]} {[%emt 00:01:58]} 4. Nc3 {[%clk
00:55:09]} {[%emt 00:00:06]} Bb4 {[%clk 00:52:06]} {[%emt 00:01:13]} 5. d3
{[%clk 00:55:01]} {[%emt 00:00:14]} Nd4 {[%clk 00:50:16]} {[%emt 00:01:54]} 6.
Bc4 {[%clk 00:54:03]} {[%emt 00:01:01]} d5 {[%clk 00:47:36]} {[%emt 00:02:47]}
7. Bb3 {[%clk 00:49:08]} {[%emt 00:05:00]} dxe4 {[%clk 00:45:18]} {[%emt
00:02:22]} 8. Nxd4 {[%clk 00:48:12]} {[%emt 00:01:00]} exd4 {[%clk 00:44:01]}
{[%emt 00:01:23]} 9. a3 {[%clk 00:47:30]} {[%emt 00:00:48]} Ba5 {[%clk
00:43:20]} {[%emt 00:00:45]} 10. Ba4+ {[%clk 00:47:02]} {[%emt 00:00:34]} c6
{[%clk 00:40:41]} {[%emt 00:02:44]} 11. b4 {[%clk 00:46:53]} {[%emt 00:00:14]}
Bb6 {[%clk 00:39:54]} {[%emt 00:00:52]} 12. Nxe4 {[%clk 00:45:58]} {[%emt
00:00:59]} Nxe4 {[%clk 00:37:07]} {[%emt 00:02:52]} 13. dxe4 {[%clk 00:45:32]}
{[%emt 00:00:31]} O-O {[%clk 00:36:24]} {[%emt 00:00:49]} 14. O-O {[%clk
00:45:21]} {[%emt 00:00:16]} Qf6 {[%clk 00:35:08]} {[%emt 00:01:19]} 15. Re1
{[%clk 00:44:11]} {[%emt 00:01:16]} d3 {[%clk 00:33:36]} {[%emt 00:01:38]} 16.
Be3 {[%clk 00:42:41]} {[%emt 00:01:35]} Bc7 {[%clk 00:29:41]} {[%emt 00:04:00]}
17. cxd3 {[%clk 00:41:49]} {[%emt 00:00:56]} Qh4 {[%clk 00:27:18]} {[%emt
00:02:28]} 18. g3 {[%clk 00:41:11]} {[%emt 00:00:44]} Qf6 {[%clk 00:25:43]}
{[%emt 00:01:40]} 19. Bb3 {[%emt 00:05:21]} Rd8 {[%clk 00:20:40]} {[%emt
00:03:17]} 20. Qd2 {[%clk 00:37:06]} {[%emt 00:00:45]} Be5 {[%clk 00:19:51]}
{[%emt 00:00:54]} 21. Rab1 {[%clk 00:35:34]} {[%emt 00:01:36]} Bc3 {[%clk
00:18:46]} {[%emt 00:01:10]} 22. Bg5 {[%clk 00:34:45]} {[%emt 00:00:55]} Qf3
{[%clk 00:15:01]} {[%emt 00:03:50]} 23. Qf4 {[%clk 00:33:15]} {[%emt 00:01:31]}
Qxd3 {[%clk 00:12:10]} {[%emt 00:03:00]} 24. Rbd1 {[%clk 00:31:45]} {[%emt
00:01:20]} Bxe1 {[%clk 00:09:19]} {[%emt 00:03:11]} 25. Rxd3 {[%clk 00:31:28]}
{[%emt 00:00:22]} Rd5 {[%emt 00:00:30]} 26. Rd4 Rxd4 {[%clk 00:08:54]} 27.
Qxf7+ {[%clk 00:31:22]} {[%emt 00:00:10]} Kh8 {[%clk 00:08:28]} 28. Qg8# {[%clk
00:31:05]} {[%emt 00:00:49]} 1-0

[Event "DVM U10 2023"]
[Site "Magdeburg GER"]
[Date "2023.12.29"]
[Round "6"]
[White "Döscher, Rasmus"]
[Black "Ma, Yan"]
[Result "1-0"]
[Termination "normal"]
[Board "14.1"]
[WhiteElo "1171"]
[BlackElo "1353"]
[WhiteClock "00:24:58"]
[BlackClock "00:13:07"]
[WhiteTeam "SK Bremen-Nord"]
[BlackTeam "SV Dresden-Leuben"]
[PlyCount "51"]
[WhiteFideId "34625038"]
[EventCountry "GER"]
[EventRounds "7"]
[EventType "team-swiss"]
[EventDate "2023.12.27"]

1. d4 {[%clk 00:55:06]} {[%emt 00:00:01]} d5 {[%clk 00:54:58]} {[%emt
00:00:13]} 2. c4 {[%clk 00:54:45]} {[%emt 00:00:25]} e6 {[%clk 00:54:53]}
{[%emt 00:00:11]} 3. Nc3 {[%clk 00:54:37]} {[%emt 00:00:13]} Nf6 {[%clk
00:54:48]} {[%emt 00:00:10]} 4. Nf3 {[%clk 00:54:13]} {[%emt 00:00:27]} Bb4
{[%clk 00:53:41]} {[%emt 00:01:13]} 5. Bf4 {[%clk 00:52:54]} {[%emt 00:01:24]}
Bd7 {[%clk 00:53:13]} {[%emt 00:00:34]} 6. e3 {[%clk 00:52:30]} {[%emt
00:00:29]} Ne4 {[%clk 00:51:45]} {[%emt 00:01:33]} 7. Qc2 {[%clk 00:50:24]}
{[%emt 00:02:11]} a6 {[%clk 00:48:23]} {[%emt 00:03:28]} 8. cxd5 {[%clk
00:50:07]} {[%emt 00:00:21]} exd5 {[%clk 00:47:00]} {[%emt 00:01:28]} 9. Bd3
{[%clk 00:49:08]} {[%emt 00:01:04]} Nxc3 {[%clk 00:45:30]} {[%emt 00:01:35]}
10. bxc3 {[%clk 00:49:06]} {[%emt 00:00:07]} Be7 {[%clk 00:44:47]} {[%emt
00:00:47]} 11. O-O {[%clk 00:48:29]} {[%emt 00:00:43]} h6 {[%emt 00:01:23]} 12.
Rab1 {[%clk 00:47:20]} Ra7 {[%clk 00:43:04]} {[%emt 00:01:44]} 13. Ne5 {[%clk
00:45:59]} {[%emt 00:01:26]} O-O {[%clk 00:38:39]} {[%emt 00:04:30]} 14. c4
{[%clk 00:42:40]} {[%emt 00:03:23]} c6 {[%clk 00:37:39]} {[%emt 00:01:06]} 15.
Rb3 {[%clk 00:38:48]} {[%emt 00:03:57]} Be8 {[%clk 00:32:44]} {[%emt 00:05:00]}
16. Rfb1 {[%clk 00:37:28]} {[%emt 00:01:25]} Qc8 {[%clk 00:32:12]} {[%emt
00:00:25]} 17. Bf5 {[%clk 00:36:57]} {[%emt 00:00:47]} Bd7 {[%clk 00:30:55]}
{[%emt 00:01:23]} 18. Nxd7 {[%clk 00:36:52]} {[%emt 00:00:09]} Nxd7 {[%clk
00:30:50]} {[%emt 00:00:10]} 19. cxd5 {[%clk 00:36:20]} {[%emt 00:00:38]} Rd8
{[%clk 00:29:07]} {[%emt 00:01:48]} 20. dxc6 {[%clk 00:34:37]} {[%emt
00:01:48]} Qxc6 {[%clk 00:28:37]} {[%emt 00:00:35]} 21. Rc3 {[%clk 00:33:14]}
{[%emt 00:01:27]} Qf6 {[%clk 00:27:59]} {[%emt 00:00:44]} 22. Rc8 {[%clk
00:32:18]} {[%emt 00:01:00]} Nf8 {[%clk 00:27:46]} {[%emt 00:00:18]} 23. Be5
{[%clk 00:29:06]} {[%emt 00:03:18]} Qg5 {[%clk 00:25:29]} {[%emt 00:02:21]} 24.
Rc7 {[%clk 00:27:40]} {[%emt 00:01:33]} Ng6 {[%clk 00:13:25]} {[%emt 00:12:08]}
25. Bxg6 {[%clk 00:26:12]} {[%emt 00:01:32]} fxg6 {[%clk 00:13:07]} {[%emt
00:00:23]} 26. f4 {[%clk 00:24:58]} {[%emt 00:01:20]} 1-0